000 00534nam a22001697a 4500
999 _c130590
_d130590
008 201029b ||||| |||| 00| 0 eng d
020 _a04091072721
050 _aQP34.5M681
100 _aMitchell, Graham
_950101
245 _aMedical physiology:
_bObjectives and multiple choice Questions
_c/ by Graham Mitchell
250 _a2nd ed.
260 _aDurban:
_bButterworth,
_c1986.
300 _axi, 153p. ;
_c22cm.
650 _aMedical phsiology l
_950102
650 _aPhysiology
_xPathololgical
_950103
942 _2lcc
_cMONOGRAPH